00613pab a2200193 454500008004000000100001600040245007800056260000900134300001300143362001100156650003400167650002700201650001900228773003400247908000600281909001000287999001700297952010500314180718b2011 xxu||||| |||| 00| 0 eng d aRoy, Rathin aA response to conundrums and fundamentalisms perceived in the THFC report c2011 ap.76-79. a23 Apr aThirteenth Finance Commission aPublic finance - India aPublic finance aEconomic and Political Weekly aN a91314 c91314d91314 00104070aIIPAbIIPAd2018-07-19hVolume no: 46, Issue no: 17pAR91774r2018-07-19w2018-07-19yAR